000 00510nam a2200157Ia 4500
008 240729s9999 xx 000 0 und d
022 _a2614-5677
245 0 _aIndonesian Journal of Learning and Instruction
260 _aIndonesia
260 _bFaculty of Teacher Training and Education in collaboration with School of Postgraduate Studies
650 _a Education (General)
650 _aEducation
856 _uhttps://doaj.org/toc/5297374b2bad4c2b9635e24e03c13d3b
942 _2ddc
942 _cDOAJEJ
999 _c71051
_d71051
945 _a1
_bMadushi Gamage
_c1
_dMadushi Gamage